00553nam a22001697a 450000500170000001000130001702000260003003500120005603700160006808200080008410000220009224500810011424600560019526000530025127000580030430000210036220220805120942.0 aUR-11662 a9789393785145c450.00 aU-10217 bDBAD/PUBa- a921 aمنظر حسین aاقبا ل اور مشرقی مفکرین /cمنظر حسینhا ر د و aIqbal aur Mashrequi Mofakkerin /bby Manzar Hussain aNew DelhibEducational Publishing Housec2022 ء aH.O.D1/16, Ansari Road, Darya GanjbNew Delhie110002 a356 صc23cm(Hb)